[Event "Chigorin Memorial 09th"]
[Site "St Petersburg"]
[Date "2001.10.26"]
[Round "1"]
[White "Kupreichik, Viktor D"]
[Black "Guseynou, Ruslan"]
[Result "1-0"]
[WhiteElo "2453"]
[BlackElo "2238"]
[PlyCount "73"]
[EventDate "2001.10.26"]
[EventType "swiss"]
[EventRounds "9"]
[EventCountry "RUS"]
[SourceTitle "EXT 2002"]
[Source "ChessBase"]
[SourceDate "2001.11.25"]
[SourceVersion "1"]
[SourceVersionDate "2001.11.25"]
[SourceQuality "1"]

1. e4 c5 2. Ne2 e6 3. Nbc3 Nc6 4. g3 Nf6 5. Bg2 Be7 6. d4 cxd4 7. Nxd4 0-0 8. 0-0 d5 9. exd5 exd5 10. Bf4 Bg4 11. f3 Bd7 12. Kh1 Nxd4 13. Qxd4 Be6 14. Rad1 Qd7 15. Be5 Rfd8 16. f4 Bh3 17. Qd2 Bg4 18. Rde1 Bh3 19. Bxh3 Qxh3 20. Bd4 Ne4 21. Nxe4 dxe4 22. Qe3 Bf6 23. Bxf6 gxf6 24. f5 Rac8 25. Rf2 Rd5 26. g4 Qh4 27. Rfe2 Re8 28. Rf1 b6 29. Rf4 Qg5 30. Qg3 Rde5 31. h4 Qh6 32. Kg2 Kh8 33. Re3 Qf8 34. Qe1 Qc5 35. Rc3 Qd5 36. Qe3 Qxa2 37. Rc7 1-0

[Event "Chigorin Memorial 09th"]
[Site "St Petersburg"]
[Date "2001.10.02"]
[Round "8"]
[White "Kochyev, Alexander"]
[Black "Guseynou, Ruslan"]
[Result "1-0"]
[WhiteElo "2412"]
[BlackElo "2238"]
[PlyCount "121"]
[EventDate "2001.10.26"]
[EventType "swiss"]
[EventRounds "9"]
[EventCountry "RUS"]
[SourceTitle "EXT 2002"]
[Source "ChessBase"]
[SourceDate "2001.11.25"]
[SourceVersion "1"]
[SourceVersionDate "2001.11.25"]
[SourceQuality "1"]

1. Nf3 d5 2. g3 Nf6 3. Bg2 Bg4 4. c4 c6 5. Ne5 Be6 6. cxd5 Bxd5 7. Nf3 Be4 8. Nc3 Bg6 9. Ne5 e6 10. Nxg6 hxg6 11. 0-0 Nbd7 12. d4 Be7 13. e4 Nb6 14. h4 Nfd7 15. Re1 0-0 16. e5 Qc7 17. h5 Rfd8 18. hxg6 fxg6 19. Qg4 Nf8 20. Bf3 Bb4 21. Kg2 Nd5 22. Bd2 Ne7 23. d5 Bxc3 24. d6 Qd7 25. dxe7 Bxd2 26. exd8Q Rxd8 27. Re4 Qc7 28. Rd4 Ba5 29. Rxd8 Qxd8 30. Rd1 Qe7 31. Be4 Bc7 32. Bxg6 Bxe5 33. b3 c5 34. Bd3 Bd4 35. a4 Qf6 36. Rd2 Nd7 37. Bc4 Kf7 38. Qe4 b6 39. Qb7 Qe7 40. Qxa7 Ne5 41. Qxe7+ Kxe7 42. f4 Nc6 43. Re2 e5 44. Bb5 Na7 45. fxe5 Nxb5 46. axb5 Ke6 47. Kf3 Bxe5 48. Re4 Kd5 49. Rg4 Bf6 50. Ke3 Ke5 51. Kd3 Kf5 52. Rf4+ Ke5 53. Re4+ Kd5 54. Re8 Be5 55. g4 Bd4 56. g5 Be5 57. g6 Kd6 58. Ke4 Bc3 59. Rc8 Ba5 60. Rc6+ Ke7 61. Kd5 1-0